Culture générale ! Une image... Un des... (30) - Statistiques

Statistiques générales
  • Ce quiz a été pris 92 fois
  • Le résultat moyen est 7 sur 20
Statistiques - réponses
Par images Hint Réponse % Correct
gares de Paris gare du {Nord}
96%
couvre-chefs bonnet d âne
84%
des drapeaux du monde Maroc
80%
préparations culinaires samoussa
57%
villes de France Arles
41%
crustacé langoustine
41%
communes de France La Grande Motte
39%
films français célébres le fabuleux destin d'Amélie Poulain
33%
films français célébres Trois hommes et un couffin
33%
pays d'Europe Monaco
32%
châteaux de la Loire château de {Blois}
26%
meubles fauteuil {Voltaire}
21%
hommes politiques Jacques Chaban-Delmas
20%
pays du monde Guatemala
15%
musées de France La Piscine
13%
coquillages praire
13%
coffures macarons
10%
des maréchaux de France Joseph Joffre
9%
carte du tarot soleil
4%
préfectures de France Poitiers
1%
Aucun quiz correspondant
Distribution des résultats
% des personnes avec chaque résultat
Percentile par nombre de réponses
Votre historique - résultats
Vous n’avez pas pris ce quiz